<?xml version="1.0" encoding="UTF-8"?>
<record
    xmlns:xsi="http://www.w3.org/2001/XMLSchema-instance"
    xsi:schemaLocation="http://www.loc.gov/MARC21/slim http://www.loc.gov/standards/marcxml/schema/MARC21slim.xsd"
    xmlns="http://www.loc.gov/MARC21/slim">

  <leader>00955nas a2200241 454500</leader>
  <controlfield tag="001">54116</controlfield>
  <controlfield tag="005">20260407193512.0</controlfield>
  <controlfield tag="008">260407s1968####ag###########|||spa#d</controlfield>
  <controlfield tag="003">AR-UNSa-BCEJYS</controlfield>
  <datafield tag="040" ind1=" " ind2=" ">
    <subfield code="a">AR-UNSa-BCEJYS</subfield>
    <subfield code="b">spa</subfield>
    <subfield code="c">AR-UNSa-BCEJYS</subfield>
  </datafield>
  <datafield tag="080" ind1=" " ind2=" ">
    <subfield code="a">347.7</subfield>
    <subfield code="x">Derecho Mercantil. Derecho Comercial</subfield>
  </datafield>
  <datafield tag="245" ind1="1" ind2="0">
    <subfield code="a">Revista del derecho comercial y de las obligaciones</subfield>
  </datafield>
  <datafield tag="264" ind1=" " ind2="1">
    <subfield code="a">Buenos Aires :</subfield>
    <subfield code="b">Depalma</subfield>
    <subfield code="c">1968</subfield>
  </datafield>
  <datafield tag="310" ind1=" " ind2=" ">
    <subfield code="a">Frecuencia: Anual
Revista del Derecho Comercial y de las Obligaciones encudernada en tomos
Cambia de Director a partir del Tomo VIII por Carlos Juan Zavala Rodr&#xED;guez
Cambia de Director a partir del Tomo XIII por H&#xE9;ctor C&#xE1;mara
Cambia de Director a partir del Tomo XLV por Ra&#xFA;l A. Etcheverry</subfield>
  </datafield>
  <datafield tag="041" ind1=" " ind2=" ">
    <subfield code="a">spa</subfield>
  </datafield>
  <datafield tag="942" ind1=" " ind2=" ">
    <subfield code="c">SER</subfield>
  </datafield>
  <datafield tag="590" ind1=" " ind2=" ">
    <subfield code="a">niveau_biblio:s niveau_hierar:1</subfield>
  </datafield>
  <datafield tag="100" ind1="1" ind2=" ">
    <subfield code="a">Halperin, Isaac</subfield>
  </datafield>
  <datafield tag="650" ind1=" " ind2=" ">
    <subfield code="a">DERECHO COMERCIAL</subfield>
  </datafield>
  <datafield tag="650" ind1=" " ind2=" ">
    <subfield code="a">OBLIGACIONES</subfield>
  </datafield>
  <datafield tag="650" ind1=" " ind2=" ">
    <subfield code="a">JURISPRUDENCIA</subfield>
  </datafield>
  <datafield tag="650" ind1=" " ind2=" ">
    <subfield code="a">DOCTRINA</subfield>
  </datafield>
  <datafield tag="999" ind1=" " ind2=" ">
    <subfield code="c">8970</subfield>
    <subfield code="d">8970</subfield>
  </datafield>
  <datafield tag="952" ind1=" " ind2=" ">
    <subfield code="0">0</subfield>
    <subfield code="1">0</subfield>
    <subfield code="4">0</subfield>
    <subfield code="7">0</subfield>
    <subfield code="a">BCEJYS</subfield>
    <subfield code="b">BCEJYS</subfield>
    <subfield code="c">13</subfield>
    <subfield code="d">2013-01-01</subfield>
    <subfield code="h">Tomo XLVI - ene./jun. 2013</subfield>
    <subfield code="l">0</subfield>
    <subfield code="o">H347.7 COM T.46/A</subfield>
    <subfield code="p">R23261</subfield>
    <subfield code="r">2026-04-10 16:10:19</subfield>
    <subfield code="w">2026-04-10</subfield>
    <subfield code="y">RN</subfield>
  </datafield>
  <datafield tag="952" ind1=" " ind2=" ">
    <subfield code="0">0</subfield>
    <subfield code="1">0</subfield>
    <subfield code="4">0</subfield>
    <subfield code="7">0</subfield>
    <subfield code="a">BCEJYS</subfield>
    <subfield code="b">BCEJYS</subfield>
    <subfield code="c">13</subfield>
    <subfield code="d">2012-07-01</subfield>
    <subfield code="h">Tomo XLV - jul./dic. 2012</subfield>
    <subfield code="l">0</subfield>
    <subfield code="o">H347.7 COM T.45/B</subfield>
    <subfield code="p">R23260</subfield>
    <subfield code="r">2026-04-10 16:10:19</subfield>
    <subfield code="w">2026-04-10</subfield>
    <subfield code="y">RN</subfield>
  </datafield>
  <datafield tag="952" ind1=" " ind2=" ">
    <subfield code="0">0</subfield>
    <subfield code="1">0</subfield>
    <subfield code="4">0</subfield>
    <subfield code="7">0</subfield>
    <subfield code="a">BCEJYS</subfield>
    <subfield code="b">BCEJYS</subfield>
    <subfield code="c">13</subfield>
    <subfield code="d">1989-01-01</subfield>
    <subfield code="h">Tomo XXII - ene./dic. 1989</subfield>
    <subfield code="l">0</subfield>
    <subfield code="o">H347.7 COM T.22</subfield>
    <subfield code="p">R23259</subfield>
    <subfield code="r">2026-04-10 16:10:19</subfield>
    <subfield code="w">2026-04-10</subfield>
    <subfield code="y">RN</subfield>
  </datafield>
  <datafield tag="952" ind1=" " ind2=" ">
    <subfield code="0">0</subfield>
    <subfield code="1">0</subfield>
    <subfield code="4">0</subfield>
    <subfield code="7">0</subfield>
    <subfield code="a">BCEJYS</subfield>
    <subfield code="b">BCEJYS</subfield>
    <subfield code="c">13</subfield>
    <subfield code="d">1988-01-01</subfield>
    <subfield code="h">Tomo XXI - ene./dic. 1988</subfield>
    <subfield code="l">0</subfield>
    <subfield code="o">H347.7 COM T.21</subfield>
    <subfield code="p">R23258</subfield>
    <subfield code="r">2026-04-10 16:10:19</subfield>
    <subfield code="w">2026-04-10</subfield>
    <subfield code="y">RN</subfield>
  </datafield>
  <datafield tag="952" ind1=" " ind2=" ">
    <subfield code="0">0</subfield>
    <subfield code="1">0</subfield>
    <subfield code="4">0</subfield>
    <subfield code="7">0</subfield>
    <subfield code="a">BCEJYS</subfield>
    <subfield code="b">BCEJYS</subfield>
    <subfield code="c">13</subfield>
    <subfield code="d">1987-01-01</subfield>
    <subfield code="h">Tomo XX - ene./dic. 1987</subfield>
    <subfield code="l">0</subfield>
    <subfield code="o">H347.7 COM T.20</subfield>
    <subfield code="p">R23257</subfield>
    <subfield code="r">2026-04-10 16:10:19</subfield>
    <subfield code="w">2026-04-10</subfield>
    <subfield code="y">RN</subfield>
  </datafield>
  <datafield tag="952" ind1=" " ind2=" ">
    <subfield code="0">0</subfield>
    <subfield code="1">0</subfield>
    <subfield code="4">0</subfield>
    <subfield code="7">0</subfield>
    <subfield code="a">BCEJYS</subfield>
    <subfield code="b">BCEJYS</subfield>
    <subfield code="c">13</subfield>
    <subfield code="d">1986-01-01</subfield>
    <subfield code="h">Tomo XIX - ene./dic. 1986</subfield>
    <subfield code="l">0</subfield>
    <subfield code="o">H347.7 COM T.19</subfield>
    <subfield code="p">R23256</subfield>
    <subfield code="r">2026-04-10 16:10:19</subfield>
    <subfield code="w">2026-04-10</subfield>
    <subfield code="y">RN</subfield>
  </datafield>
  <datafield tag="952" ind1=" " ind2=" ">
    <subfield code="0">0</subfield>
    <subfield code="1">0</subfield>
    <subfield code="4">0</subfield>
    <subfield code="7">0</subfield>
    <subfield code="a">BCEJYS</subfield>
    <subfield code="b">BCEJYS</subfield>
    <subfield code="c">13</subfield>
    <subfield code="d">1985-01-01</subfield>
    <subfield code="h">Tomo XVIII - ene./dic. 1985</subfield>
    <subfield code="l">0</subfield>
    <subfield code="o">H347.7 COM T.18</subfield>
    <subfield code="p">R23255</subfield>
    <subfield code="r">2026-04-10 16:10:19</subfield>
    <subfield code="w">2026-04-10</subfield>
    <subfield code="y">RN</subfield>
  </datafield>
  <datafield tag="952" ind1=" " ind2=" ">
    <subfield code="0">0</subfield>
    <subfield code="1">0</subfield>
    <subfield code="4">0</subfield>
    <subfield code="7">0</subfield>
    <subfield code="a">BCEJYS</subfield>
    <subfield code="b">BCEJYS</subfield>
    <subfield code="c">13</subfield>
    <subfield code="d">1984-01-01</subfield>
    <subfield code="h">Tomo XVII - ene./dic. 1984</subfield>
    <subfield code="l">0</subfield>
    <subfield code="o">H347.7 COM T.17</subfield>
    <subfield code="p">R23254</subfield>
    <subfield code="r">2026-04-10 16:10:19</subfield>
    <subfield code="w">2026-04-10</subfield>
    <subfield code="y">RN</subfield>
  </datafield>
  <datafield tag="952" ind1=" " ind2=" ">
    <subfield code="0">0</subfield>
    <subfield code="1">0</subfield>
    <subfield code="4">0</subfield>
    <subfield code="7">0</subfield>
    <subfield code="a">BCEJYS</subfield>
    <subfield code="b">BCEJYS</subfield>
    <subfield code="c">13</subfield>
    <subfield code="d">1981-01-01</subfield>
    <subfield code="h">Tomo XIV - ene./dic. 1981</subfield>
    <subfield code="l">0</subfield>
    <subfield code="o">H347.7 COM T.14</subfield>
    <subfield code="p">R23253</subfield>
    <subfield code="r">2026-04-10 16:10:19</subfield>
    <subfield code="w">2026-04-10</subfield>
    <subfield code="y">RN</subfield>
  </datafield>
  <datafield tag="952" ind1=" " ind2=" ">
    <subfield code="0">0</subfield>
    <subfield code="1">0</subfield>
    <subfield code="4">0</subfield>
    <subfield code="7">0</subfield>
    <subfield code="a">BCEJYS</subfield>
    <subfield code="b">BCEJYS</subfield>
    <subfield code="c">13</subfield>
    <subfield code="d">1980-01-01</subfield>
    <subfield code="h">Tomo XIII - ene./dic. 1980</subfield>
    <subfield code="l">0</subfield>
    <subfield code="o">H347.7 COM T.13</subfield>
    <subfield code="p">R23252</subfield>
    <subfield code="r">2026-04-10 16:10:19</subfield>
    <subfield code="w">2026-04-10</subfield>
    <subfield code="y">RN</subfield>
  </datafield>
  <datafield tag="952" ind1=" " ind2=" ">
    <subfield code="0">0</subfield>
    <subfield code="1">0</subfield>
    <subfield code="4">0</subfield>
    <subfield code="7">0</subfield>
    <subfield code="a">BCEJYS</subfield>
    <subfield code="b">BCEJYS</subfield>
    <subfield code="c">13</subfield>
    <subfield code="d">1979-01-01</subfield>
    <subfield code="h">Tomo XII - ene./dic. 1979</subfield>
    <subfield code="l">0</subfield>
    <subfield code="o">347.7 H195</subfield>
    <subfield code="p">R23251</subfield>
    <subfield code="r">2026-04-10 16:10:19</subfield>
    <subfield code="w">2026-04-10</subfield>
    <subfield code="y">RN</subfield>
  </datafield>
  <datafield tag="952" ind1=" " ind2=" ">
    <subfield code="0">0</subfield>
    <subfield code="1">0</subfield>
    <subfield code="4">0</subfield>
    <subfield code="7">0</subfield>
    <subfield code="a">BCEJYS</subfield>
    <subfield code="b">BCEJYS</subfield>
    <subfield code="c">13</subfield>
    <subfield code="d">1978-01-01</subfield>
    <subfield code="h">Tomo XI - ene./dic.</subfield>
    <subfield code="l">0</subfield>
    <subfield code="o">H347.7 COM T.11</subfield>
    <subfield code="p">R23250</subfield>
    <subfield code="r">2026-04-10 16:10:19</subfield>
    <subfield code="w">2026-04-10</subfield>
    <subfield code="y">RN</subfield>
  </datafield>
  <datafield tag="952" ind1=" " ind2=" ">
    <subfield code="0">0</subfield>
    <subfield code="1">0</subfield>
    <subfield code="4">0</subfield>
    <subfield code="7">0</subfield>
    <subfield code="a">BCEJYS</subfield>
    <subfield code="b">BCEJYS</subfield>
    <subfield code="c">13</subfield>
    <subfield code="d">1977-01-01</subfield>
    <subfield code="h">Tomo X - ene./dic. 1977</subfield>
    <subfield code="l">0</subfield>
    <subfield code="o">H347.7 COM T.10</subfield>
    <subfield code="p">R23249</subfield>
    <subfield code="r">2026-04-10 16:10:19</subfield>
    <subfield code="w">2026-04-10</subfield>
    <subfield code="y">RN</subfield>
  </datafield>
  <datafield tag="952" ind1=" " ind2=" ">
    <subfield code="0">0</subfield>
    <subfield code="1">0</subfield>
    <subfield code="4">0</subfield>
    <subfield code="7">0</subfield>
    <subfield code="a">BCEJYS</subfield>
    <subfield code="b">BCEJYS</subfield>
    <subfield code="c">13</subfield>
    <subfield code="d">1976-01-01</subfield>
    <subfield code="h">Tomo IX - ene./dic. 1976</subfield>
    <subfield code="l">0</subfield>
    <subfield code="o">H347.7 COM T.9</subfield>
    <subfield code="p">R23248</subfield>
    <subfield code="r">2026-04-10 16:10:19</subfield>
    <subfield code="w">2026-04-10</subfield>
    <subfield code="y">RN</subfield>
  </datafield>
  <datafield tag="952" ind1=" " ind2=" ">
    <subfield code="0">0</subfield>
    <subfield code="1">0</subfield>
    <subfield code="4">0</subfield>
    <subfield code="7">0</subfield>
    <subfield code="a">BCEJYS</subfield>
    <subfield code="b">BCEJYS</subfield>
    <subfield code="c">13</subfield>
    <subfield code="d">1975-01-01</subfield>
    <subfield code="h">Tomo VIII - ene./dic. 1975</subfield>
    <subfield code="l">0</subfield>
    <subfield code="o">H347.7 COM T.8</subfield>
    <subfield code="p">R23247</subfield>
    <subfield code="r">2026-04-10 16:10:19</subfield>
    <subfield code="w">2026-04-10</subfield>
    <subfield code="y">RN</subfield>
  </datafield>
  <datafield tag="952" ind1=" " ind2=" ">
    <subfield code="0">0</subfield>
    <subfield code="1">0</subfield>
    <subfield code="4">0</subfield>
    <subfield code="7">0</subfield>
    <subfield code="a">BCEJYS</subfield>
    <subfield code="b">BCEJYS</subfield>
    <subfield code="c">13</subfield>
    <subfield code="d">1974-01-01</subfield>
    <subfield code="h">Tomo VII - ene./dic. 1974</subfield>
    <subfield code="l">0</subfield>
    <subfield code="o">H347.7 COM T.7</subfield>
    <subfield code="p">R23246</subfield>
    <subfield code="r">2026-04-10 16:10:19</subfield>
    <subfield code="w">2026-04-10</subfield>
    <subfield code="y">RN</subfield>
  </datafield>
  <datafield tag="952" ind1=" " ind2=" ">
    <subfield code="0">0</subfield>
    <subfield code="1">0</subfield>
    <subfield code="4">0</subfield>
    <subfield code="7">0</subfield>
    <subfield code="a">BCEJYS</subfield>
    <subfield code="b">BCEJYS</subfield>
    <subfield code="c">13</subfield>
    <subfield code="d">1973-01-01</subfield>
    <subfield code="h">Tomo VI - ene./dic. 1973</subfield>
    <subfield code="l">0</subfield>
    <subfield code="o">H347.7 COM T.6</subfield>
    <subfield code="p">R23245</subfield>
    <subfield code="r">2026-04-10 16:10:19</subfield>
    <subfield code="w">2026-04-10</subfield>
    <subfield code="y">RN</subfield>
  </datafield>
  <datafield tag="952" ind1=" " ind2=" ">
    <subfield code="0">0</subfield>
    <subfield code="1">0</subfield>
    <subfield code="4">0</subfield>
    <subfield code="7">0</subfield>
    <subfield code="a">BCEJYS</subfield>
    <subfield code="b">BCEJYS</subfield>
    <subfield code="c">13</subfield>
    <subfield code="d">1972-01-01</subfield>
    <subfield code="h">Tomo V - ene./dic. 1972</subfield>
    <subfield code="l">0</subfield>
    <subfield code="o">H347.7 COM T.5</subfield>
    <subfield code="p">R23244</subfield>
    <subfield code="r">2026-04-10 16:10:19</subfield>
    <subfield code="w">2026-04-10</subfield>
    <subfield code="y">RN</subfield>
  </datafield>
  <datafield tag="952" ind1=" " ind2=" ">
    <subfield code="0">0</subfield>
    <subfield code="1">0</subfield>
    <subfield code="4">0</subfield>
    <subfield code="7">0</subfield>
    <subfield code="a">BCEJYS</subfield>
    <subfield code="b">BCEJYS</subfield>
    <subfield code="c">13</subfield>
    <subfield code="d">1971-01-01</subfield>
    <subfield code="h">Tomo IV - ene./dic. 1971</subfield>
    <subfield code="l">0</subfield>
    <subfield code="o">H347.7 COM T.4</subfield>
    <subfield code="p">R23243</subfield>
    <subfield code="r">2026-04-10 16:10:19</subfield>
    <subfield code="w">2026-04-10</subfield>
    <subfield code="y">RN</subfield>
  </datafield>
  <datafield tag="952" ind1=" " ind2=" ">
    <subfield code="0">0</subfield>
    <subfield code="1">0</subfield>
    <subfield code="4">0</subfield>
    <subfield code="7">0</subfield>
    <subfield code="a">BCEJYS</subfield>
    <subfield code="b">BCEJYS</subfield>
    <subfield code="c">13</subfield>
    <subfield code="d">1970-01-01</subfield>
    <subfield code="h">Tomo III - ene./dic. 1970</subfield>
    <subfield code="l">0</subfield>
    <subfield code="o">H347.7 COM T.3</subfield>
    <subfield code="p">R23242</subfield>
    <subfield code="r">2026-04-10 16:10:19</subfield>
    <subfield code="w">2026-04-10</subfield>
    <subfield code="y">RN</subfield>
  </datafield>
  <datafield tag="952" ind1=" " ind2=" ">
    <subfield code="0">0</subfield>
    <subfield code="1">0</subfield>
    <subfield code="4">0</subfield>
    <subfield code="7">0</subfield>
    <subfield code="a">BCEJYS</subfield>
    <subfield code="b">BCEJYS</subfield>
    <subfield code="c">13</subfield>
    <subfield code="d">1969-07-01</subfield>
    <subfield code="h">Tomo II - jul./dic. 1969</subfield>
    <subfield code="l">0</subfield>
    <subfield code="o">H347.7 COM T.2</subfield>
    <subfield code="p">R23241</subfield>
    <subfield code="r">2026-04-10 16:10:19</subfield>
    <subfield code="w">2026-04-10</subfield>
    <subfield code="y">RN</subfield>
  </datafield>
  <datafield tag="952" ind1=" " ind2=" ">
    <subfield code="0">0</subfield>
    <subfield code="1">0</subfield>
    <subfield code="4">0</subfield>
    <subfield code="7">0</subfield>
    <subfield code="a">BCEJYS</subfield>
    <subfield code="b">BCEJYS</subfield>
    <subfield code="c">13</subfield>
    <subfield code="d">1968-01-01</subfield>
    <subfield code="h">Tomo I - ene./dic. 1968</subfield>
    <subfield code="l">0</subfield>
    <subfield code="o">H347.7 COM T.1</subfield>
    <subfield code="p">R23239</subfield>
    <subfield code="r">2026-04-10 16:10:19</subfield>
    <subfield code="w">2026-04-10</subfield>
    <subfield code="y">RN</subfield>
  </datafield>
</record>
